Die 20 größten Länder der Welt - Statistiken

Allgemein
  • Dieses Quiz wurde 980 mal gespielt
  • Das Durchschnittsergebnis liegt bei 16 aus 20
Antwortstatistiken
Hint Antwort % Korrekt
1 Russland
100%
4 China
99%
2 Kanada
98%
3 USA
98%
5 Brasilien
96%
6 Australien
92%
7 Indien
92%
8 Argentinien
90%
9 Kasachstan
84%
13 Mexiko
83%
10 Algerien
81%
18 Mongolei
78%
11 Demokratische Republik Kongo
75%
12 Saudi Arabien
71%
14 Indonesien
69%
17 Iran
69%
15 Sudan
60%
16 Libyen
58%
20 Niger
53%
19 Peru
52%
Keine übereinstimmenden Quizze gefunden
Verteilung der Resultate
Anzahl Personen mit jedem Resultat
Perzentil nach korrekt beantworteten Fragen
Ihre Resultats-Entwicklung
Sie haben dieses Quiz noch nicht gespielt